000 00682nam a22002177a 4500
008 150617b xxu||||| |||| 00| 0 eng d
020 _a9781452241357
041 0 _aeng
080 _a658.4 HIS
100 1 _aHisrich, Robert D.
245 1 0 _aManaging innovation and entrepreneurship /
_cRobert D. Hisrich, Thunderbird School of Global Management ; Claudine Kearney, University College Dublin.
260 _aSingapore:
_bSage;
_c2014
300 _a207 f.:
_bme il.;
_c24 cm.
500 _aPreface: f.xiii-xiv
505 _aIndex: f.199-205
650 0 _aNdërmarrësi
650 0 _aInovacion / Risi
650 0 _aTeknologji
700 1 _aKearney, Claudine.
942 _2udc
_cBK
999 _c1059
_d1059